000 00170as aa2200085a 44500
090 _aSERIADAS
_b00477
245 1 0 _aAmerican Zoologist
041 0 _aInglés
942 _cREVISTA
999 _c16677
_d16677